| 000 | 00526nam a2200193Ia 4500 | ||
|---|---|---|---|
| 003 | GCL | ||
| 008 | 140319s9999 xx 000 0 eng d | ||
| 040 |
_aGCL / _cGCL |
||
| 082 | 0 | 4 |
_a616.891523 _bL E |
| 100 | 1 | _aLANDY, ROBERT J. | |
| 245 | 1 | 0 |
_aESSAYS IN DRAMA THERAPY: THE DOUBLE LIFE / _cLANDY, ROBERT J. |
| 700 | 1 | _aBOLLON, GAVIN | |
| 260 |
_a[S.N] : _bJESSICA KINGSLEY PUBLISHERS ، _c1996 |
||
| 300 | _a268 P | ||
| 650 | 0 | 4 | _aPSYCHODRAMA |
| 650 | 0 | 4 | _aDRAMA THERAPHY |
| 650 | 0 | 4 | _aMEDICAL SCIENCE |
| 942 |
_2ddc _cBK |
||
| 999 |
_c13973 _d13973 |
||